| 000 | 00879cam a22002778a 4500 | ||
|---|---|---|---|
| 008 | |||
| 020 | _a9780323043113(hardback) | ||
| 040 |
_aNUST _cNUST |
||
| 049 | _aMAIN | ||
| 090 |
_aRB145 _bHUD |
||
| 100 |
_aHudnall, S. David., _aauthor. |
||
| 245 | 1 | 0 |
_aHematology : _ba pathophysiologic approach / _cS. David Hudnall. |
| 260 |
_aPhiladelphia : _bElsevier, _c2012. |
||
| 300 |
_axiii, 171 pages : _bcoloured illustrations ; _c23 cm. |
||
| 336 |
_atext _btxt _2rdacontent |
||
| 337 |
_aunmediated _bn _2rdamedia |
||
| 338 |
_avolume _bnc _2rdacarrier |
||
| 440 | _aThe Mosby Physiology Monograph Series. | ||
| 500 | _aIncludes index. | ||
| 650 | 0 | _aHematology. | |
| 650 | 2 |
_aHematologic Diseases _xphysiopathology. |
|
| 907 |
_a.b10404995 _b17-09-21 _c15-06-21 |
||
| 003 | |||
| 005 | 20230120204318.0 | ||
| 942 |
_cBOOKS _kRB145 _mHUD |
||
| 999 |
_c120978 _d120978 |
||